Optimización del proceso de biodegradación de hidrocarburos mediante la acción de consorcios microbianos in vitro

La presente investigación, tiene como objetivo optimizar el proceso de biodegradación de hidrocarburos mediante la acción de consorcios microbianos in vitro por el método de superficie de respuestas, determinando además la influencia que ejercen los factores: tipo de consorcio, concentración d...

Full description

Bibliographic Details
Main Author: Moraga Moreno, Nelly Monserrat
Other Authors: Tutor: Álvarez García, Sergio Enrique.
Format: Tesis Section = Libro
Language:Undetermined
Spanish
Published: Managua UNI 2022
Subjects:
LEADER 01210nam a2200253Ia 4500
008 240830s9999 xx 000 0 und d
040 |a CEDOC DACA-RUSB / Mon. 547.01 M827 
041 |a spa 
082 |a Mon. 547.01 M827 
100 1 |a Moraga Moreno, Nelly Monserrat 
245 1 0 |a Optimización del proceso de biodegradación de hidrocarburos mediante la acción de consorcios microbianos in vitro 
260 |a Managua  |b UNI  |c 2022 
300 |a 101 p. :il. 
500 |a Contiene: anexos y CD. 
502 |a Tesis (Ingeniero Químico) - UNI,2022.  
520 3 |a La presente investigación, tiene como objetivo optimizar el proceso de biodegradación de hidrocarburos mediante la acción de consorcios microbianos in vitro por el método de superficie de respuestas, determinando además la influencia que ejercen los factores: tipo de consorcio, concentración del sustrato y temperatura durante el proceso en las variables respuestas del proceso. 
650 7 |a BIODEGRADACIÓN 
650 7 |b HIDROCARBUROS 
650 7 |c CONTAMINACIÓN DE SUELOS 
650 7 |d CONSUMO DE DIESEL-NICARAGUA 
700 1 |a Tutor:  |b Álvarez García, Sergio Enrique. 
942 |c BK  |2 ddc 
991 |a TESIS 
999 |c 27073